|
|
|
|
| LEADER |
01331nam a22003374a 4500 |
| 001 |
35621 |
| 003 |
BD-DhAAL |
| 005 |
20211206112207.0 |
| 008 |
200108t2004 caua b 001 0 eng d |
| 999 |
|
|
|c 42132
|d 42132
|
| 010 |
|
|
|a 2003014412
|
| 020 |
|
|
|a 0761938915
|
| 020 |
|
|
|a 9780761938910
|
| 020 |
|
|
|a 0761938907 (acidfree paper)
|
| 020 |
|
|
|a 0761938915 (pbk. : acidfree paper)
|
| 040 |
|
|
|a DLC
|c DLC
|d DLC
|d BD-DhAAL
|
| 042 |
|
|
|a pcc
|
| 050 |
0 |
0 |
|a QA135.6
|b .S57 2004
|
| 082 |
0 |
0 |
|a 371.90447
|2 22
|
| 100 |
1 |
|
|a Spitzer, Julie Sliva.
|9 38864
|
| 245 |
1 |
0 |
|a Teaching inclusive mathematics to special learners, K-6 /
|c Julie Sliva.
|
| 260 |
|
|
|a Thousand Oaks, CA :
|b Corwin Press,
|c c2004.
|
| 300 |
|
|
|a xiv, 146 pages :
|b illustrations ;
|c 26 cm.
|
| 504 |
|
|
|a Includes bibliographical references (pages 131-139) and index.
|
| 526 |
|
|
|a BIED
|
| 541 |
|
|
|a Complimentary copy from BIED
|e 35621
|
| 650 |
|
0 |
|a Mathematics
|x Study and teaching (Elementary).
|9 38865
|
| 650 |
|
0 |
|a Learning disabled children
|x Education (Elementary).
|9 38866
|
| 852 |
|
|
|a Ayesha Abed Library
|c BIED Collection
|
| 942 |
|
|
|2 ddc
|c BK
|
| 952 |
|
|
|0 0
|1 0
|2 ddc
|4 0
|6 371_904470000000000_SPI
|7 0
|9 67686
|a BRACUL
|b BRACUL
|c GEN
|d 2020-01-08
|e Complimentary copy from BIED
|l 0
|o 371.90447 SPI
|p 3010035621
|r 2020-01-08
|w 2020-01-08
|y BK
|x Transferred from BIED to General Stacks
|